| 000 | 00000nam##2200000za#4500 |
| 001 | 9.600899 |
| 003 | CaOODSP |
| 005 | 20210624205817 |
| 007 | cr ||||||||||| |
| 008 | 150406|1996||||xxc|||||o f|0| 0 fre|d |
| 040 | |aCaOODSP|bfre |
| 043 | |an-cn--- |
| 086 | 1 |aNM95-57/3-1-1996F-PDF |
| 110 | 1 |aCanada.|bPatrimoine canadien. |bInstitut canadien de conservation. |
| 245 | 10|aStratégies de lutte préventive contre les infestations et méthodes de détection |h[ressource électronique] |
| 260 | |aOttawa - Ontario : |bPatrimoine canadien. |c[c1996]. |
| 300 | |a5p. |
| 490 | 1 |aNotes de l'ICC |v3/1 |
| 500 | |aL'auteur, Thomas J. K. Strang, et la date de copyright d'après le document en format HTML trouvé sur la site Internet de l'Institut canadien de conservation (visionné le 10 mai 2011). |
| 504 | |aBibliographie. |
| 590 | |a11-09-Supp|b2011-06-30 |
| 720 | 1 |aStrang, Thomas J. K. |
| 775 | 08|tPreventing infestations : |w(CaOODSP)9.570132 |
| 830 | #0|aNotes de l'ICC ;|v3/1|w(CaOODSP)9.502751 |
| 856 | 40|ahttp://publications.gc.ca|qPDF|s2.18 Mo|uhttps://publications.gc.ca/collections/collection_2011/pc-ch/NM95-57-3-1-1996-fra.pdf|y3/1 |